00213nam a22000857a 4500008004100000100002200041245001800063260003600081300001000117240530b |||||||| |||| 00| 0 eng d aMiya, Shah Aladin aNushk Gul Gul aNew york:bAcadmic Pub.;c1960. a360p.